000 00401nam a2200181Ia 4500
001 15109
005 20260306165003.0
008 260306t1997||||xx |||||||||||||| ||spa||
041 _aESP
082 _a530
_bS42 T. 2 1997
100 _aSerway, Raymond A.
_eAUT
245 0 _aFĂ­sica
260 _c1997
300 _aT. 2
_c27 cm.
650 _aGEN
654 _aCCN
942 _cLIB
_dJUS
_fJUS
_2ddc
_n
999 _c15109
_d15109